000 00558nam a2200181 a 4500
005 20210219152346.0
008 991125s1987 bar 000 0 spa u
020 _a847423302X
035 _aUPN01000052226
049 _aCG
050 4 _aDC220.1
_bS6.78
100 1 _aSoboul, Albert
245 1 3 _aLa revolución francesa :
_bprincipios ideológicos y protagonistas colectivos /
_cAlbert Soboul ; tr. Pablo Bordonaba.
260 _aBarcelona, Esp. :
_bCrítica,
_c1987.
300 _a482 p.
651 4 _aFRANCIA -
_xREVOLUCION -
_y1789-1799
905 _aLibro
999 _c52226
_d52226